Tucídides romanceado en el siglo XIV / (Record no. 105199)

MARC details
000 -LEADER
campo de control de longitud fija 00607nam a2200181 i 4500
001 - NÚMERO DE CONTROL
campo de control 105199
003 - IDENTIFICADOR DE NÚMERO DE CONTROL
campo de control ES-MaACL
007 - CAMPO FIJO DE DESCRIPCIÓN FÍSICA--INFORMACIÓN GENERAL
campo de control de longitud fija t|
008 - DATOS DE LONGITUD FIJA--INFORMACIÓN GENERAL
campo de control de longitud fija 060616s1960 sp ||||1| spa d
100 1# - ENTRADA PRINCIPAL--NOMBRE DE PERSONA
Nombre de persona López Molina, Luis.
9 (RLIN) 73788
245 10 - MENCIÓN DEL TÍTULO
Título Tucídides romanceado en el siglo XIV /
Mención de responsabilidad, etc. Luis López Molina.
260 ## - PUBLICACIÓN, DISTRIBUCIÓN, ETC.
Lugar de publicación, distribución, etc. Madrid :
Nombre del editor, distribuidor, etc. Real Academia Española,
Fecha de publicación, distribución, etc. 1960.
300 ## - DESCRIPCIÓN FÍSICA
Extensión 236 p. ;
Dimensiones 25 cm.
490 1# - MENCIÓN DE SERIE
Mención de serie Anejos del Boletín de la Real Academia Española ;
Designación de volumen o secuencia 5
830 0# - PUNTO DE ACCESO ADICIONAL DE SERIE-TÍTULO UNIFORME
Título uniforme Anejos del Boletín de la Real Academia Española ;
Designación de volumen o secuencia 5
9 (RLIN) 180902
852 ## - LOCALIZACIÓN
Ubicación ES-MaACL
Número de control de estantería E-7480
Sublocalización o colección R.90846
Holdings
Estatus retirado Estado de pérdida Estado de daño No para préstamo Biblioteca de origen Biblioteca actual Ubicación en estantería Fecha de adquisición Fuente de adquisición Total de préstamos Signatura topográfica completa Código de barras Visto por última vez Precio de reemplazo Tipo de ítem Koha
        Biblioteca del Ateneo de Madrid Biblioteca del Ateneo de Madrid Depósito 2 17/01/2008     E-7480 1109829 23/02/2023 23/02/2023 Libro impreso